• 首页
  • 本馆介绍
  • 公告通知
  • 最新文献
  • 馆藏检索
  • 电子资源
  • 读者导购
  • 参考咨询
  • 我的图书馆
  • 登录
  • 详细信息显示
  • 放入我的书架
  • 预约/预借图书
  • 作者相关作品
  • 分类相关作品
  • 丛书相关作品
  • 出版社相关作品

书目信息

  • 表格格式
  • 工作单格式
  • 卡片格式
题名:
全球量化宽松
    
 
作者: 胡滨 , 郑联盛 著
分册:  
出版信息: 北京   中国金融出版社  2019
页数: 271页
开本: 24cm
丛书名:
单 册:
中图分类: F821.0 , F821
科图分类:
主题词: 货币政策--研究--世界
电子资源:
ISBN: 978-7-5049-9994-8
000 01041nam0 2200265 450
001 2368323847
005 20230923185852.29
010    @a978-7-5049-9994-8@dCNY56.00
100    @a20190731d2019 em y0chiy50 ea
101 0  @achi
102    @aCN@b110000
105    @aa az 000yy
200 1  @a全球量化宽松@Aquan qiu liang hua kuan song@e十年演进@f胡滨,郑联盛等著
210    @a北京@c中国金融出版社@d2019
215    @a271页@c图@d24cm
320    @a有书目(第262-269页)
330    @a本书的研究主要包括三个方面的内容:一是突出对全球量化宽松的总结和评估,分析不同经济体量化宽松的差异化政策绩效和日益分化的政策取向;二是突出对美国、日本、欧元区量化宽松未来走向的判断和预测,主要研究三大经济体的未来发展趋势;三是突出对我国经济金融实践的影响和指导,重点分析不同经济政策演进对我国的外溢效应。
517 1  @a十年演进@Ashi nian yan jin
606 0  @a货币政策@x研究@y世界
690    @aF821.0@v5
690    @aF821@v4
701  0 @a胡滨@Ahu bin@4著
701  0 @a郑联盛@Azheng lian sheng@4著
801  0 @aCN@b安徽时代@c20230923
905    @aBZT@dF821@e5
    
    全球量化宽松:十年演进/胡滨,郑联盛等著.-北京:中国金融出版社,2019
    271页:图;24cm
    
    
    ISBN 978-7-5049-9994-8:CNY56.00
    本书的研究主要包括三个方面的内容:一是突出对全球量化宽松的总结和评估,分析不同经济体量化宽松的差异化政策绩效和日益分化的政策取向;二是突出对美国、日本、欧元区量化宽松未来走向的判断和预测,主要研究三大经济体的未来发展趋势;三是突出对我国经济金融实践的影响和指导,重点分析不同经济政策演进对我国的外溢效应。
●
相关链接 在五车中查询图书 在当当中查询图书 在豆瓣中查询图书


正题名:全球量化宽松     索取号:F821/5         预约/预借

序号 登录号 条形码 馆藏地/架位号 状态 备注
1 2000919247   2000919247   第四书库/四6架B面6层3列/ [索取号:F821/5] 在馆    
2 2000919248   2000919248   第四书库/四6架B面6层3列/ [索取号:F821/5] 在馆    
3 2000919249   2000919249   第四书库/四6架B面6层3列/ [索取号:F821/5] 在馆    
4 2000919250   2000919250   第四书库/四6架B面6层3列/ [索取号:F821/5] 在馆    
5 2000919251   2000919251   第四书库/四6架B面6层3列/ [索取号:F821/5] 在馆    
6 2000919252   2000919252   第四书库/四6架B面6层3列/ [索取号:F821/5] 在馆    
山东省滨州职业学院图书馆 欢迎您!
大连网信软件有限公司© 版权所有